Statistics for Lord of the Rings Quotes #2

Click here to take the quiz!

General Stats

  • This quiz has been taken 37 times
  • The average score is 11 of 15

Answer Stats

HintAnswer% Correct
"No! Smeagol is not pleased."Gollum
100%
"One of you might have fallen in and still be wondering when you were going to strike the bottom. let the guide go first while you have one."Aragorn
97%
"Away now, Shadowfax! Run, greatheart, run as you have never run before!"Gandalf
97%
"We have watched too long. There's Ugluk! I don't want to meet him again."Merry
93%
"It's most unfair, instead of throwing him out and clapping him in chains, Elrond goes and rewards him for his cheek,"Pippin
90%
"Yet I make my tale twenty at the least. but that is only a few leaves in a forest."Legolas
86%
"What do you say to fire? The choice seems near now between fire and death."Boromir
83%
"I would not snare even an orc with a falsehood."Faramir
79%
"I am sorry to take leave of Master Bombadil. He's a caution and no mistake."Sam
79%
"These are indeed strange days. dreams and legends spring to life out of the grass."Eomer
76%
"Begone, foul dwimmerlaik, lord of carrion! leave the dead in peace!"Eowyn
72%
"All my hopes are ruined, but I would not share yours. if you have any."Saruman
66%
"No one else would dare to ride through the open land, so full of foul Orcs, so I was sent."Grima Wormtongue
31%
"If you pick up with a horse thief and bring him to my house, you ought to pay for the damage yourselves and not come shouting at me."Barliman Butterbur
21%
"I do not doubt you, yet this is our law. I am not the master of the law, and cannot set it aside."Haldir
21%

Score Distribution

Percentile by Number Answered

Percent of People with Each Score

Your Score History

You have not taken this quiz